000 00643nam a2200181 4500
001 149069
003 ES-MaACL
005 20230906202932.0
007 t|
008 070214s1972 sp r ||||1| spa d
100 1 _aSwaiman, Henneth F.
_9108913
245 1 0 _aEnfermedades neuromusculares en el lactante y en el niño /
_cHenneth F. Swaiman y Francis Wright ; [versión... Paulino Castells Cuixart].
260 _aBarcelona :
_bEd. Pediátrica,
_c1972 (
_fSaturno)
300 _a4 h., 286 p. :
_bil. ;
_c25 cm.
700 1 _aWright, Francis.
_9117406
700 1 _aCastells Cuixart, Paulino.
_936598
852 _aES-MaACL
_jC-42967
_bR.81110
999 _c149069
_d149069